00581nam a2200133Ia 4500008004100000020001800041245008400059260002200143650013700165650000800302856004500310999001900355952007300374171212s9999 xx 000 0 und d a9781922144744 ceditor Peter Larmour, aThe Governance of Common Property in the Pacific Region bANU E Pressc2013 aCommons -- Pacific Area; Natural Resources, Communal -- Pacific Area; Land tenure -- Pacific Area; Right of Property -- Pacific Area aLaw uwww.jstor.org/stable/10.2307/j.ctt2tt1cd c351362d351362 001040aCLbCLd2017-12-12l0r2017-12-12 00:00:00w2017-12-12yCBE